000 01182nam a2200325 i 4500
003 EG-ScBUE
005 20250126092309.0
008 140109t2010 enka f b f001 0 eng d
020 _a9781108012256
040 _aEG-ScBUE
_beng
_erda
_cEG-ScBUE
_dEG-ScBUE
082 0 4 _222
_a530
_bMAX
100 1 _929599
_aMaxwell, James Clerk,
_d1831-1879,
_eauthor.
245 1 4 _aThe scientific papers of James Clerk Maxwell /
_cJames Clerk Maxwell ; edited by W. D. Niven.
264 1 _aCambridge, United Kingdom :
_bCambridge University Press,
_c[2010]
264 4 _cc2010
300 _a2 volumes :
_billustrations ;
_c30 cm.
336 _2rdacontent
_atext
_btxt
337 _aunmediated
_2rdamedia
_bn
338 _avolume
_bnc
_2rdacarrier
490 0 _aCambridge library collection
504 _aIncludes bibliographical references and index.
650 7 _96266
_aPhysics.
_2BUEsh
650 7 _92018
_aMathematics.
_2BUEsh
650 7 _91928
_aElectromagnetism.
_2BUEsh
650 7 _96197
_aKinetic theory of gases.
_2BUEsh
653 _cJanuary2014
655 _vReading book
_934232
700 1 _934788
_aNiven, W. D.
_cSir,
_d1842-1917
_q(William Davidson),
_eeditor.
942 _2ddc
_cBB
999 _c17903
_d17875